000 00520nam a2200169Ia 4500
999 _c14701
_d14701
003 OSt
005 20201016114151.0
008 190216s9999||||xx |||||||||||||| ||und||
020 _a9788130915685
040 _coclc
082 _a801.95
_bBAR/B
100 _aBarry, Peter
_95443
245 0 _aBeginning Theory An Introduction To Literary And Cultural Theory /
_cPeter Barry
250 _a3rd Edi.
260 _bViva Books ,
_aNew Delhi:
_c2013.
942 _cBK
_2ddc
_h801.95
_iBAR/B
_k801.95
_mBAR/B